000 00908nam a2200289 i 4500
001 bg
100 1 _aGlenn, Walter.
245 1 0 _aWindows XP :
_bporady i metody /
_cWalter Glenn, Rowena White ; [tł. Aleksadra i Adam Wójtowiczowie].
246 _iTyt. oryg.:
_aWindows XP tips & techniques
260 _aPoznań :
_b"Nakom",
_c2002.
300 _a509 s. :
_bil. ;
_c24 cm.
500 _aTyt. oryg.: "Windows XP tips & techniques".
504 _aIndeks.
650 9 _aWindows XP
655 _aPodręczniki
700 1 _aWHITE, Rowena
700 1 _aWÓJTOWICZ, Aleksandra.
_eTł.
700 1 _aWÓJTOWICZ, Adam.
_eTł.
020 _a8386969741
040 _cBPK
041 1 _apol
_heng
080 _a004.451(07)
920 _a83-86969-74-1
942 _cKS
008 s pl f |000 0 pol
999 _c43796
_d43796
856 _uhttp://koha.tu.koszalin.pl/cgi-bin/koha/opac-detail.pl?biblionumber=43796
_yKatalog online BPK